Historia de la orden de san jeronimo. tomo 2 /
Guardado en:
| Autor Principal: | |
|---|---|
| Formato: | Libro |
| Publicado: |
Madrid :
Bailly-bailliere,
1907
|
| Edición: | 2a. ed. |
| Materias: | |
| Etiquetas: |
Agregar Etiqueta
Sin Etiquetas, Sea el primero en etiquetar este registro!
|
| LEADER | 00505nam a22001575a 4500 | ||
|---|---|---|---|
| 001 | EHU.bham016544 | ||
| 003 | AR-BHAM | ||
| 005 | 20100510152217.0 | ||
| 008 | 130507s1907##################000#0#####d | ||
| 082 | 2 | 7 | |a 271.7 |
| 100 | 1 | |a Sigüenza, Jose, Fray | |
| 245 | 1 | 0 | |a Historia de la orden de san jeronimo. tomo 2 / |c Fray Jose Sigüenza |
| 250 | |a 2a. ed. | ||
| 260 | |a Madrid : |b Bailly-bailliere, |c 1907 | ||
| 653 | |a Ordenes religiosas | ||
| 859 | |a AR-BHAM |b BIB. HUMANIDADES - Arturo Marasso |h 271.7 |i SI27 |p 1523.57 |t Ej.1 |v II M |3 II | ||
